ABA Standards for Criminal Justice--Fair Trial and Public Discourse

Detalles Bibliográficos
Formato: eBook
Lenguaje:inglés
Publicado: Chicago: American Bar Association, 2016
Materias:
Acceso en línea:Acceso restringido

MARC

LEADER 00000nam a22000007a 4500
005 20210225225043.0
007 cr|||| ||||
008 210225s2016 us |||||s|||| 00||0 eng d
020 |a 978-1-63425-437-3 
035 |a 32409 
040 |a vLex 
090 |c 11290  |d 11290 
245 0 0 |a ABA Standards for Criminal Justice--Fair Trial and Public Discourse  |h [Recurso electrn̤ico] / 
256 |a Servicio en ln̕ea 
260 |a Chicago:  |b American Bar Association,  |c 2016 
300 |a 1 recurso electrn̤ico 
506 1 |a Disponible solo en los productos indicados  |d vLex Global  |d vLex Global (Academic Edition, excluding Law Schools)  |d vLex Global (Academic Edition, Law Schools) 
650 0 4 |a Derecho Penal  |z Brasil 
740 0 |a vLex Libros (Servicio en ln̕ea) 
856 4 0 |u http://vlex.com/source/aba-standards-criminal-justice-fair-trial-public-discourse-32409  |z Acceso restringido 
942 |c BOOK 
999 0 |a Criminal law